Southville International School and Colleges
Your cart is empty.
  • Cart
  • Lists
    Public lists Eva Luna New books Lux_list list_1
    Your lists Log in to create your own lists
  • Log in to your account
  • Your cookies
  • Search history
Southville International School and Colleges
  • Advanced search
  • Recent comments
  • Most popular
  • Libraries

Log in to your account

Log in with GOOGLE


If you do not have an external account, but do have a local account, you can still log in:

  1. Home
  2. MARC view: Generous me /
Normal view MARC view ISBD view

Generous me / (Record no. 358282)

[ view plain ]
MARC details
000 -LEADER
fixed length control field 00681nam a2200277Ia 4500
008 - FIXED-LENGTH DATA ELEMENTS--GENERAL INFORMATION
fixed length control field 180803s9999 xx 000 0 und d
020 ## - INTERNATIONAL STANDARD BOOK NUMBER
International Standard Book Number 9780531266526
050 ## - LIBRARY OF CONGRESS CALL NUMBER
Item number P362 2011
100 ## - MAIN ENTRY--PERSONAL NAME
Personal name Pearson, Mary E.
245 #0 - TITLE STATEMENT
Title Generous me /
245 #0 - TITLE STATEMENT
Statement of responsibility, etc by Mary E. Pearson ; illustrated by Gary Krejca.
260 ## - PUBLICATION, DISTRIBUTION, ETC. (IMPRINT)
Place of publication, distribution, etc New York, New York :
260 ## - PUBLICATION, DISTRIBUTION, ETC. (IMPRINT)
Name of publisher, distributor, etc Children's Press,
260 ## - PUBLICATION, DISTRIBUTION, ETC. (IMPRINT)
Date of publication, distribution, etc 2011
300 ## - PHYSICAL DESCRIPTION
Extent 40 pages :
300 ## - PHYSICAL DESCRIPTION
Other physical details colored ;
300 ## - PHYSICAL DESCRIPTION
Dimensions 17cm.
440 ## - SERIES STATEMENT/ADDED ENTRY--TITLE
Title Rookie ready to learn.
500 ## - GENERAL NOTE
General note 270
650 ## - SUBJECT ADDED ENTRY--TOPICAL TERM
Topical term or geographic name as entry element Sharing.
650 ## - SUBJECT ADDED ENTRY--TOPICAL TERM
Topical term or geographic name as entry element Sisters.
650 ## - SUBJECT ADDED ENTRY--TOPICAL TERM
Topical term or geographic name as entry element Stories in rhyme.
700 ## - ADDED ENTRY--PERSONAL NAME
Personal name Krejca, Gary.
700 ## - ADDED ENTRY--PERSONAL NAME
Personal name Series.
700 ## - ADDED ENTRY--PERSONAL NAME
Personal name Title.
Holdings
Withdrawn status Lost status Damaged status Home library Current library Shelving location Date acquired Cost, normal purchase price Total Checkouts Full call number Barcode Date last seen Price effective from Koha item type
      Stonyhurst Southville International School (Malarayat) Stonyhurst Southville International School (Malarayat)   08/03/2018 0.00   LEX P362 2011 SSISM5560 08/03/2018 08/03/2018 Lexile

Generous me /

APA

Pearson M. E., Krejca G., Series & Title.Generous me. New York, New York: .

Chicago

Pearson Mary E, Krejca Gary, Series and Title.Generous me. New York, New York: .

Harvard

Pearson M. E., Krejca G., Series and Title.Generous me. New York, New York: .

MLA

Pearson Mary E, Krejca Gary, Series and Title.New York, New York: . .

  • Place hold
  • Print
  • Cite
  • Add to your cart (remove)
  • Save record
    BIBTEX Dublin Core MARCXML MARC (non-Unicode/MARC-8) MARC (Unicode/UTF-8) MARC (Unicode/UTF-8, Standard) MODS (XML) RIS
  • More searches
    Search for this title in:
    Other Libraries (WorldCat) Other Databases (Google Scholar) Online Stores (Bookfinder.com) Open Library (openlibrary.org)

Exporting to Dublin Core...

SOUTHVILLE LIBRARY

Southville International School and Colleges Library

1281 Tropical Ave. Cor. Luxembourg St., BF Homes International, Las Pinas City

Tel. No. 8256374 / 252358 Loc. 117/146

Powered by Koha